000 00653nam a22002057a 4500
003 OSt
005 20260310071747.0
008 260310b |||||||| |||| 00| 0 eng d
020 _a 978-007-126051-0
040 _aDWC-Main lib
_cOC
082 _2 2nd ed.
_aCirc. 658.3 F981 2007
100 _aRaymond A. Noe
245 _aFundamentals of human resource management/
_cRaymond A. Noe
250 _a 2nd ed.
260 _aBoston :
_bMcGraw-Hill/Irwin,
_cc2007.
300 _axxix, 594p. :
_bill.;
_c25cm.
504 _aIncludes bibliographical references & index.
650 _a1. Personnel management
942 _2ddc
_cBK-CIRC
_e2nd ed.
_kCirc.
_n0
999 _c8876
_d8876